00708nam a2200229 a 4500001001300000003000900013005001700022008004100039020002300080082001800103100001800121245006100139260004000200300000900240500003500249650001300284700001800297902000800315942000700323952013100330999001700461nice12345678IN_TiNIC20260116014119.0130107s2012 newa grp 000 0 eng  a9788125047162c69500a301.0954bMUN aMunshi, Indra aAdivasi Questionb Issues of Land, Forest and Livelihood aNew Delhi bOrient Blackswan c2012 a406p aincludes index and biblioraphy aAdivasis1 aMunshi, Indra bSRS cBK 001040708StackRoom-aHMIbHMId2013-01-07g695.00l2o301.0954 MUNp023992r2022-06-27s2022-06-21v695.00w2013-01-07yBK c13935d13935